The high cost of high prices for HIV/AIDS drugs and the prize fund alternative : hearing before the Subcommittee on Primary Health and Aging of the Committee on Health, Education, Labor, and Pensions, United States Senate, One Hundred Twelfth Congress, second session ... May 15, 2012.

Bibliographic Details
Corporate Author: United States. Congress. Senate. Committee on Health, Education, Labor, and Pensions. Subcommittee on Primary Health and Aging
Format: Government Document eBook
Language:English
Published: Washington : U.S. G.P.O., 2012.
Series:S. hrg. ; 112-570
Subjects:
Online Access:https://purl.fdlp.gov/GPO/gpo30915

MARC

Tag First Indicator Second Indicator Subfields
LEADER 00000cam a2200000 a 4500
001 in00002787880
005 20211120170512.0
006 m o d f
007 cr bn||||a||||
008 121106s2012 dcua ob f000 0 eng c
029 1 |a AU@  |b 000051221957 
035 |a (OCoLC)ocn816047080 
037 |a 552-070-45283-4  |b GPO  |f paper 
040 |a GPO  |b eng  |c GPO  |d SEN  |d GPO  |d MvI  |d UtOrBLW 
042 |a pcc 
043 |a n-us--- 
049 |a WWW 
050 1 4 |a KF26  |b .L277 2012 
074 |a 1043-C (online) 
086 0 |a Y 4.L 11/4:S.HRG.112-570 
110 1 |a United States.  |b Congress.  |b Senate.  |b Committee on Health, Education, Labor, and Pensions.  |b Subcommittee on Primary Health and Aging. 
245 1 4 |a The high cost of high prices for HIV/AIDS drugs and the prize fund alternative :  |b hearing before the Subcommittee on Primary Health and Aging of the Committee on Health, Education, Labor, and Pensions, United States Senate, One Hundred Twelfth Congress, second session ... May 15, 2012. 
264 1 |a Washington :  |b U.S. G.P.O.,  |c 2012. 
300 |a 1 online resource (iii, 51 pages) :  |b illustrations 
336 |a text  |b txt  |2 rdacontent 
337 |a computer  |b c  |2 rdamedia 
338 |a online resource  |b cr  |2 rdacarrier 
490 1 |a S. hrg. ;  |v 112-570 
500 |a Title from title screen (viewed on Nov. 6, 2012). 
500 |a Paper version available for sale by the Supt. of Docs., U.S. G.P.O. 
504 |a Includes bibliographical references. 
500 |a Electronic resource. 
650 0 |a HIV infections  |x Treatment  |z United States  |x Costs. 
650 0 |a AIDS (Disease)  |x Treatment  |z United States  |x Costs. 
650 0 |a Drug development  |z United States  |x Finance. 
650 0 |a Pharmaceutical industry  |x Finance  |x Law and legislation  |z United States. 
650 0 |a Prescription pricing  |x Law and legislation  |z United States. 
776 0 8 |i Print version:  |a United States. Congress. Senate. Committee on Health, Education, Labor, and Pensions. Subcommittee on Primary Health and Aging.  |t High cost of high prices for HIV/AIDS drugs and the prize fund alternative  |w (DLC) 2012518776  |w (OCoLC)816120895 
776 0 8 |i Microfiche version:  |a United States. Congress. Senate. Committee on Health, Education, Labor, and Pensions. Subcommittee on Primary Health and Aging.  |t High cost of high prices for HIV/AIDS drugs and the prize fund alternative  |w (OCoLC)829707559 
810 1 |a United States.  |b Congress.  |b Senate.  |t S. hrg. ;  |v 112-570. 
856 4 0 |u https://purl.fdlp.gov/GPO/gpo30915  |t 0 
999 |a MARS 
999 f f |s bdcbab45-ff31-3570-8a89-d76623be3b0d  |i 721ad14d-3812-3c28-8ef6-e07cfa56f694  |t 0 
952 f f |a Texas A&M University  |b College Station  |c Electronic Resources  |d Available Online  |t 0  |e Y 4.L 11/4:S.HRG.112-570  |h Superintendent of Documents classification 
998 f f |a Y 4.L 11/4:S.HRG.112-570  |t 0  |l Available Online